| 000 | 01230nam a2200289 i 4500 | ||
|---|---|---|---|
| 001 | 19641 | ||
| 003 | ES-MaACL | ||
| 005 | 20230906152134.0 | ||
| 007 | t| | ||
| 008 | 021007s1980 sp |||| | spa d | ||
| 020 | _a84-297-1648-3 | ||
| 080 | _a351.751.5(460)"1939/75" | ||
| 100 | 1 |
_aAbellán, Manuel L. _918063 |
|
| 245 | 1 | 0 |
_aCensura y creación literaria en España (1939-1976) / _cManuel L. Abellán. |
| 250 | _a1ª ed. | ||
| 260 |
_a[Barcelona] : _bPenínsula, _c1980. |
||
| 300 |
_a313 p. ; _c20 cm. |
||
| 490 | 1 |
_aTemas de historia y política contemporánea ; _v9 |
|
| 500 | _aÍndices. | ||
| 505 | 8 | _aContiene: La censura franquista en sus orígenes ; Incidencia y criterios de la censura ; Censura y dictámenes censorios de 1939 hasta 1976 . Apéndice 1. Normas generales . Apéndice 2. Nómina de censores . Apéndice 3. Supresiones, modificaciones y defensa del manuscrito "Un mundo para todos" de Miguel Buñuel | |
| 600 | 1 | 4 |
_aBuñuel, Miguel. _932564 |
| 650 | 4 |
_aCensura- _zEspaña- _y1939-1975. _910879 |
|
| 651 | 4 |
_aEspaña- _xVida intelectual- _y1939-1975. _98528 |
|
| 830 | 1 |
_aTemas de historia y política contemporánea ; _v9 _9184463 |
|
| 852 | 4 |
_aES-MaACL _jL-4688 |
|
| 999 |
_c19641 _d19641 |
||